On-line signature verification using Gaussian Mixture Models and small-sample learning strategies (Registro nro. 737726)

Detalles MARC
001 - NÚMERO DE CONTROL
campo de control 1443770
005 - FECHA Y HORA DE LA ÚLTIMA TRANSACCIÓN
campo de control 20240831090938.0
007 - CAMPO FIJO DE DESCRIPCIÓN FÍSICA--INFORMACIÓN GENERAL
campo de control de longitud fija cr|||||||
008 - DATOS DE LONGITUD FIJA--INFORMACIÓN GENERAL
campo de control de longitud fija 160621e20160601 eng
035 ## - NÚMERO DE CONTROL DEL SISTEMA
Número de control de sistema 1443770
040 ## - FUENTE DE LA CATALOGACIÓN
Centro/agencia transcriptor comduadb
041 ## - CÓDIGO DE LENGUA
Código de lengua del texto/banda sonora o título independiente eng
100 10 - ENTRADA PRINCIPAL--NOMBRE DE PERSONA
Nombre de persona Arias Londoño, Julián David
Código de función aut
Término indicativo de función/relación Autor/a
9 (RLIN) 564200
245 10 - MENCIÓN DE TÍTULO
Título On-line signature verification using Gaussian Mixture Models and small-sample learning strategies
650 ## - PUNTO DE ACCESO ADICIONAL DE MATERIA--TÉRMINO DE MATERIA
Término de materia o nombre geográfico como elemento de entrada Proceso de verificación
9 (RLIN) 208391
650 ## - PUNTO DE ACCESO ADICIONAL DE MATERIA--TÉRMINO DE MATERIA
Término de materia o nombre geográfico como elemento de entrada Firma electrónica
9 (RLIN) 105161
650 ## - PUNTO DE ACCESO ADICIONAL DE MATERIA--TÉRMINO DE MATERIA
Término de materia o nombre geográfico como elemento de entrada Distribución Gaussiana
9 (RLIN) 37759
650 #7 - PUNTO DE ACCESO ADICIONAL DE MATERIA--TÉRMINO DE MATERIA
Término de materia o nombre geográfico como elemento de entrada Estrategias de aprendizaje
Fuente del encabezamiento o término armarc
9 (RLIN) 56901
650 ## - PUNTO DE ACCESO ADICIONAL DE MATERIA--TÉRMINO DE MATERIA
Término de materia o nombre geográfico como elemento de entrada Estimación bayesiana
9 (RLIN) 193800
650 ## - PUNTO DE ACCESO ADICIONAL DE MATERIA--TÉRMINO DE MATERIA
Término de materia o nombre geográfico como elemento de entrada Máquinas de soporte vectorial
9 (RLIN) 129239
700 10 - ENTRADA AGREGADA--NOMBRE PERSONAL
Nombre de persona Zapata Zapata, Gabriel Jaime
Código de función aut
Término indicativo de función/relación Autor/a
9 (RLIN) 745468
700 10 - ENTRADA AGREGADA--NOMBRE PERSONAL
Nombre de persona Vargas Bonilla, Jesús Francisco
Código de función aut
Término indicativo de función/relación Autor/a
9 (RLIN) 620037
700 10 - ENTRADA AGREGADA--NOMBRE PERSONAL
Nombre de persona Orozco Arroyave, Juan Rafael
Código de función aut
Término indicativo de función/relación Autor/a
9 (RLIN) 393200
773 0# - ENLACE AL DOCUMENTO FUENTE/ENTRADA DE REGISTRO ANFITRIÓN
Título Revista Facultad de Ingeniería (Medellín)
Parte(s) relacionada(s) Número 79, Junio 2016, 14 páginas
Número de control del registro 120998
Número Internacional Normalizado para Publicaciones Seriadas 0120-6230
Número bibliográfico anfitrión 67890
856 4# - LOCALIZACIÓN Y ACCESO ELECTRÓNICOS
Identificador Uniforme del Recurso <a href="https://aprendeenlinea.udea.edu.co/revistas/index.php/ingenieria/article/view/22931/20780413">https://aprendeenlinea.udea.edu.co/revistas/index.php/ingenieria/article/view/22931/20780413</a>
856 4# - LOCALIZACIÓN Y ACCESO ELECTRÓNICOS
Identificador Uniforme del Recurso <a href="http://bibliotecadigital.udea.edu.co/handle/10495/5917">http://bibliotecadigital.udea.edu.co/handle/10495/5917</a>
942 ## - ELEMENTOS DE ENTRADA AGREGADA (KOHA)
Tipo de ítem Koha Artículo de Revista

No hay ítems disponibles.